[Event "ISR Youth-Ch Finals 2021 U16"]
[Site "Ramat Hasharon"]
[Date "2021.03.22"]
[Round "4.16"]
[White "Sherman, Reem"]
[Black "Borodety, Itamar"]
[Result "0-1"]
[WhiteElo "2018"]
[BlackElo "1612"]
[Annotator "TA"]
[PlyCount "96"]
[EventDate "2021.03.19"]
[EventType "swiss"]
[EventCountry "ISR"]
[SourceTitle "playchess.com"]
[Source "ChessBase"]
[SourceQuality "1"]

{[%evp 26,96,23,11,0,-41,210,212,214,208,190,156,216,216,214,60,182,123,137,116,141,38,49,43,193,181,389,389,361,-114,-111,-114,-100,-186,-173,-307,-301,-267,-198,-198,-165,-172,-175,-198,-209,-209,-206,-182,-95,-96,-18,-24,-8,-8,0,0,0,0,14,15,17,0,0,0,31,34,49,-29969,-29971,-29997,-29998,-29998,-29999]} 1. e4 c5 2. Nf3 d6 3. d4 cxd4 4. Nxd4 Nf6 5. Nc3 g6 6. Be3 Bg7 7. Bc4 O-O 8. f3 Nc6 9. Bb3 Bd7 10. Qd2 Nxd4 11. Bxd4 b5 12. h4 a5 13. a4 bxa4 14. Nxa4 (14. Bxa4 {keeps more tension.} Bxa4 15. Rxa4 e6 16. g4 d5 17. exd5 Nxd5 18. Bxg7 Kxg7 19. h5) 14... h5 {[#] B77: Sicilian Dragon: Yugoslav Attack, 9 Bc4 sidelines.} 15. g4 $146 ({Predecessor:} 15. Nb6 Ra6 16. Nxd7 Nxd7 17. Bxg7 Kxg7 18. Bc4 Ra8 19. Qd4+ {½-½ (19) Vachier Lagrave,M (2795)-Radjabov,T (2710) Moscow 2017}) 15... Nxe4 $2 {[%mdl 8192]} 16. fxe4 $18 Bxg4 {White is clearly better.} 17. Bxg7 Kxg7 18. Qd4+ Kg8 (18... e5 $16 19. Qe3 f5) 19. Kd2 Rb8 20. Rag1 $2 (20. Qe3 $18) 20... Qd7 ({Better is} 20... e6 $14) 21. Nc3 (21. Qe3 $1 $18) 21... Rb4 $16 22. Qe3 a4 {[#]} 23. Ba2 (23. Nd5 $1 $16 Rb7 (23... axb3 24. Nxb4) 24. Bc4 Rxb2 25. Qd4) 23... Rxb2 $14 {[#] Threatens to win with ...d5!} 24. Rxg4 $1 Rxa2 (24... hxg4 25. h5) 25. Rg3 $18 (25. Nxa2 Qxg4 26. Ra1 Qxh4 $15) 25... Rb2 {[#]} (25... Ra3 26. Rhg1 Kh7) 26. Qh6 $1 Qa7 {Strongly threatening ...Qf2+.} 27. Kc1 $2 {[#]} (27. Ne2 $18 Qc5 {[#]} 28. Rxg6+ $1 {[%mdl 576] Demolition} fxg6 29. Qxg6+ Kh8 30. Qh6+ {[%mdl 64] Double Attack} Kg8 31. Rg1+ Qxg1 32. Qe6+ Kh8 33. Nxg1 Rf2+ 34. Ne2) 27... Rxc2+ $3 $17 {[%mdl 576] Decoy} 28. Kxc2 {White threatens Rf1! and mate.} (28. Kd1 Qd4+) 28... Qf2+ {[%mdl 64] Double Attack} 29. Qd2 (29. Kd3 $17 {might work better.} Qxg3+ 30. Qe3) 29... Qxg3 $19 30. Nxa4 (30. Qh2 {is a better defense.} Qf3 31. Re1) 30... Rc8+ 31. Kb1 Qb3+ 32. Nb2 Ra8 {[%mdl 1024] Black has strong compensation.} 33. Qd5 Qa3 34. Rc1 Qa1+ 35. Kc2 Rc8+ 36. Nc4 Qa2+ ({Black should try} 36... Qf6 $19 37. Kd3 Qf3+ 38. Kd2 Qf4+ 39. Kd1 Qxh4) 37. Kd3 $17 Qb3+ ({Black should play} 37... Qf2 $17 {And now ...Qf3+ would win.} 38. Rb1 Qxh4) 38. Ke2 $11 Qh3 {White should prevent ...Qg2+.} 39. Rf1 $1 e6 (39... Qxh4 $2 40. Qxf7+ Kh8 41. Qxg6 $18) 40. Qg5 Qb3 $36 {[%mdl 2048] Black is more active.} ({Inferior is} 40... Rxc4 41. Qd8+ Kg7 42. Qf6+ Kg8 43. Qxf7+ Kh8 44. Qf8+ Kh7 45. Rf7#) 41. Ne3 d5 42. exd5 exd5 {...d4 is the strong threat.} 43. Qf6 Qa2+ 44. Kf3 Qa7 45. Nxd5 {White wants to mate with Ne7+.} Qa3+ 46. Kf4 $2 {[%mdl 8192]} ({Wrong is} 46. Ke4 $2 Rc4+ 47. Qd4 (47. Ke5 $2 Qb2+ 48. Kd6 Qb8+ 49. Ke7 Qb7+ 50. Kd6 Rc6+ {[%mdl 64] Skewer} 51. Ke5 Qb2+ 52. Ke4 Qe2+ 53. Ne3 Rc4+ 54. Qd4 f5+ 55. Ke5 Rxd4 $19) 47... Rxd4+ $19) (46. Ne3 $14) 46... Rc4+ {Black mates.} 47. Kg5 Rg4+ 48. Kh6 Qf8+ {Weighted Error Value: White=0.51/Black=0.44} 0-1

[Event "ISR Youth-Ch Finals 2021 U16"]
[Site "Ramat Hasharon"]
[Date "2021.03.23"]
[Round "5.12"]
[White "Aizenberg, Benny"]
[Black "Levin, Guy"]
[Result "0-1"]
[WhiteElo "2307"]
[BlackElo "2355"]
[Annotator "ChessBase"]
[PlyCount "100"]
[EventDate "2021.03.19"]
[EventType "swiss"]
[EventCountry "ISR"]
[SourceTitle "playchess.com"]
[Source "ChessBase"]
[SourceQuality "1"]
[TimeControl "5400+30"]

1. e4 {[%emt 0:00:00]} c5 {[%emt 0:00:00]} 2. Nf3 {[%emt 0:00:00]} Nc6 {[%emt 0:00:00]} 3. d4 {[%emt 0:00:00]} cxd4 {[%emt 0:00:00]} 4. Nxd4 {[%emt 0:00:00]} e5 {[%emt 0:00:00]} 5. Nb5 {[%emt 0:00:00]} d6 {[%emt 0:00:00]} 6. N1c3 {[%emt 0:00:00]} a6 {[%emt 0:00:00]} 7. Na3 {[%emt 0:00:00]} Be6 {[%emt 0:00:04]} 8. Nd5 {[%emt 0:03:50]} Nf6 {[%emt 0:00:19]} 9. Nxf6+ {[%emt 0:01:15]} gxf6 {[%emt 0:00:47]} 10. Bc4 {[%emt 0:04:16]} Qc7 {[%emt 0:01:34]} 11. O-O {[%emt 0:10:32]} O-O-O {[%emt 0:01:06]} 12. Bd5 {[%emt 0:08:10]} h5 {[%emt 0:09:47]} 13. b4 {[%emt 0:09:46]} Nxb4 {[%emt 0:10:54]} 14. c4 {[%emt 0:08:04]} Nc6 {[%emt 0:03:36]} 15. Be3 {[%emt 0:04:44]} Bh6 {[%emt 0:00:20]} 16. Nb5 {[%emt 0:02:24]} Qa5 {[%emt 0:13:48]} 17. Na7+ {[%emt 0:10:44]} Kc7 {[%emt 0:00:27]} 18. Rb1 {[%emt 0:04:32]} Bxd5 {[%emt 0:02:28]} 19. cxd5 {[%emt 0:04:57]} Nxa7 {[%emt 0:03:30]} 20. Bb6+ {[%emt 0:05:26]} Qxb6 {[%emt 0:00:07]} 21. Rxb6 {[%emt 0:00:08]} Kxb6 {[%emt 0:00:13]} 22. Qb3+ {[%emt 0:00:15]} Kc7 {[%emt 0:01:43]} 23. Rb1 {[%emt 0:05:04]} b5 {[%emt 0:00:07]} 24. a4 {[%emt 0:00:40]} Rb8 {[%emt 0:08:42]} 25. Qc3+ {[%emt 0:02:00]} Kd7 {[%emt 0:00:20]} 26. Qa5 {[%emt 0:02:21]} bxa4 {[%emt 0:00:29]} 27. Rxb8 {[%emt 0:01:43]} Rxb8 {[%emt 0:00:03]} 28. g3 {[%emt 0:00:02]} Nb5 {[%emt 0:01:39]} 29. Qxa4 {[%emt 0:00:10]} Ra8 {[%emt 0:01:17]} 30. Qd1 {[%emt 0:02:42]} Ke7 {[%emt 0:00:49]} 31. f4 {[%emt 0:02:39]} exf4 {[%emt 0:03:57]} 32. Qxh5 {[%emt 0:01:04]} Bg5 {[%emt 0:01:16]} 33. h4 {[%emt 0:02:42]} Rg8 {[%emt 0:00:06]} 34. hxg5 {[%emt 0:00:57]} Rxg5 {[%emt 0:00:03]} 35. Qe2 {[%emt 0:02:33]} Rxg3+ {[%emt 0:02:51]} 36. Kf2 {[%emt 0:01:38]} Nc3 {[%emt 0:00:17]} 37. Qxa6 {[%emt 0:00:47]} Nxe4+ {[%emt 0:00:05]} 38. Ke2 {[%emt 0:01:36]} f5 {[%emt 0:00:44]} 39. Qa7+ {[%emt 0:00:41]} Kf8 {[%emt 0:01:06]} 40. Qa8+ {[%emt 0:01:01]} Kg7 {[%emt 0:00:50]} 41. Qa1+ {[%emt 0:00:32]} Kg6 {[%emt 0:00:02]} 42. Qh8 {[%emt 0:00:32]} f3+ {[%emt 0:00:25]} 43. Kf1 {[%emt 0:00:04]} f2 {[%emt 0:00:45]} 44. Qg8+ {[%emt 0:00:03]} Kh6 {[%emt 0:00:21]} 45. Qf8+ {[%emt 0:01:08]} Kg5 {[%emt 0:00:07]} 46. Qg7+ {[%emt 0:00:31]} Kf4 {[%emt 0:00:10]} 47. Qh6+ {[%emt 0:00:04]} Ke5 {[%emt 0:00:23]} 48. Qh8+ {[%emt 0:00:11]} f6 {[%emt 0:00:13]} 49. Ke2 {[%emt 0:01:27]} Rg1 {[%emt 0:00:21]} 50. Ke3 {[%emt 0:00:29]} Re1+ {[%emt 0:00:13]} 0-1

[Event "ISR Youth-Ch Finals 2021 U16"]
[Site "Ramat Hasharon"]
[Date "2021.03.23"]
[Round "5.13"]
[White "Borodety, Itamar"]
[Black "Sokolovsky, Yahli"]
[Result "0-1"]
[WhiteElo "1612"]
[BlackElo "2472"]
[Annotator "TA"]
[PlyCount "92"]
[EventDate "2021.03.19"]
[EventType "swiss"]
[EventCountry "ISR"]
[SourceTitle "playchess.com"]
[Source "ChessBase"]
[SourceQuality "1"]

{[%evp 15,92,0,10,10,10,-5,0,0,0,0,-8,0,0,-11,5,4,5,7,5,1,13,12,51,0,50,54,89,55,69,21,25,0,0,-22,0,-52,-65,-72,-72,-81,-38,-189,-192,-247,-173,-357,-334,-365,-385,-370,-256,-256,-249,-249,-249,-244,-206,-508,-510,-437,-330,-855,-886,-3073,-862,-4941,-4841,-4841,-4841,-29978,-29979,-29980,-29981,-29981,-29982,-29981,-29982,-29983,-29984]} 1. e4 e5 2. Nf3 Nc6 3. Bb5 a6 4. Bxc6 dxc6 5. Nc3 f6 6. d4 exd4 7. Qxd4 Qxd4 8. Nxd4 c5 9. Nde2 {Black should prevent Bf4. C68: Ruy Lopez: Exchange Variation, sidelines.} Be6 10. Nf4 Bf7 11. Nfd5 {The position is equal.} Bd6 12. Bf4 Bxf4 13. Nxf4 O-O-O 14. Nfd5 {[#]} c6 $146 ({Predecessor:} 14... Nh6 15. f3 Rhe8 16. O-O-O f5 17. Nf4 b6 18. h3 Rd4 19. g4 fxe4 20. Nxe4 Red8 {1-0 (58) Antoli Royo,J (2437)-Ramon Perez,J (2237) Aragon 2015}) 15. Ne3 Kc7 16. Rd1 Ne7 17. f3 b5 18. Kf2 Kb6 19. g4 ({Better is} 19. b3 $14) 19... Nc8 20. h4 b4 21. Ne2 (21. Na4+ {keeps more tension.} Kb5 22. b3 c4 23. Nf5 c5 24. g5) 21... Nd6 22. h5 a5 {[%cal Ba6a5,Ba5a4,Ba4a3][%mdl 32]} 23. b3 a4 24. Nc1 Nb5 25. Rxd8 ({White should try} 25. Ne2 $11) 25... Rxd8 $15 26. Rd1 Rxd1 27. Nxd1 $17 {[%mdl 4096] Endgame KBN-KNN} a3 28. Kg3 $2 {[#] Now White is beyond hope.} (28. Nd3 $15) 28... c4 $1 $19 29. Kf4 (29. bxc4 {was called for.} Bxc4 30. Kf4) 29... c5 30. h6 $2 (30. bxc4 {was worth a try.} Bxc4 31. e5) 30... gxh6 31. Kf5 cxb3 32. cxb3 c4 {Strongly threatening ...cxb3.} 33. Kxf6 cxb3 34. axb3 Bg8 {Hoping for ...Nd4.} 35. Ke5 {[#]} Na7 $1 {[%cal Ra7c6]} 36. Kd4 $2 (36. Kf6 Nc6 37. Kg7) 36... Nc6+ 37. Kd3 Kc5 {...Nd4 is the strong threat.} 38. f4 $2 (38. Ne3 Nd4 {[%mdl 64] Double Attack} 39. Nc2 Nxf3 40. Ke3) 38... Nd4 39. Na2 Nxb3 (39... Bxb3 $142 40. Nxb4 Kxb4) 40. Ndc3 bxc3 41. Nxc3 Nd4 42. f5 Nb5 {Black mates.} 43. e5 Nxc3 44. Kxc3 Kd5 45. e6 Ke5 46. Kc2 Kf4 {Weighted Error Value: White=0.99/Black=0.26} 0-1

[Event "ISR Youth-Ch Finals 2021 U16"]
[Site "Ramat Hasharon"]
[Date "2021.03.23"]
[Round "5.14"]
[White "Guz, Ari"]
[Black "Yaniv, Yuval"]
[Result "1/2-1/2"]
[WhiteElo "2302"]
[BlackElo "2272"]
[Annotator "TA"]
[PlyCount "31"]
[EventDate "2021.03.19"]
[EventType "swiss"]
[EventCountry "ISR"]
[SourceTitle "playchess.com"]
[Source "ChessBase"]
[SourceQuality "1"]

{[%evp 28,31,0,0,0,0]} 1. e4 d6 2. d4 Nf6 3. Nc3 g6 4. f4 Bg7 5. Nf3 c5 6. Bb5+ Bd7 7. e5 Ng4 8. e6 {[#]} fxe6 $146 ({Predecessor:} 8... Bxb5 9. exf7+ Kxf7 10. Ng5+ Ke8 11. Ne6 Bxd4 12. Nxd8 Bf2+ 13. Kd2 Be3+ 14. Ke1 Bf2+ {½-½ (14) Shabalov,A (2585)-Akobian,V (2606) Beijing 2008}) 9. Ng5 Bxb5 10. Nxe6 Bxd4 11. Nxd8 Bf2+ 12. Kd2 Be3+ 13. Ke1 Bf2+ 14. Kd2 Be3+ 15. Ke1 Bf2+ {B09: Pirc Defence: Austrian Attack.} 16. Kd2 {Not much happened in this game. Not enough moves} 1/2-1/2

[Event "ISR Youth-Ch Finals 2021 U16"]
[Site "Ramat Hasharon"]
[Date "2021.03.23"]
[Round "5.15"]
[White "Rozen, Eytan"]
[Black "Musyuk, Lior"]
[Result "1/2-1/2"]
[WhiteElo "2399"]
[BlackElo "2300"]
[Annotator "TA"]
[PlyCount "56"]
[EventDate "2021.03.19"]
[EventType "swiss"]
[EventCountry "ISR"]
[SourceTitle "playchess.com"]
[Source "ChessBase"]
[SourceQuality "1"]

{[%evp 13,56,0,22,4,0,-36,0,0,0,0,0,0,0,0,0,0,0,0,0,0,72,0,0,0,0,0,0,0,0,0,0,0,0,0,0,0,0,0,0,0,0,0,0,0,0]} 1. c4 c5 2. Nc3 Nc6 3. Nf3 Nf6 4. d4 cxd4 5. Nxd4 e6 6. g3 Qb6 7. Ndb5 Ne5 8. Bf4 {A33: Symmetrical English: 2 Nf3 Nf6 3 d4 cxd4 4 Nxd4 e6 5 Nc3 Nc6.} Nfg4 {( -> ...Nf3+!)} 9. Qa4 {With the idea Ne4.} g5 ({Don't blunder} 9... Nxf2 $2 10. Bxe5 Qe3 11. Bf4 $18 (11. Nc7+ Kd8 $11)) 10. Bxe5 Qxf2+ 11. Kd1 Nxe5 12. Nc7+ {[%mdl 64] [#] Double Attack} Kd8 {...b5! is the strong threat.} 13. Nxa8 {Hoping for Qa5+.} Qd4+ 14. Kc2 {And now e3! would win.} Nxc4 {aiming for ...Qd2+.} 15. e4 Qd2+ 16. Kb3 Qxb2+ 17. Kxc4 Bg7 $1 {The position is equal.} 18. Qa5+ {[%mdl 64] [#] Double Attack} b6 $1 {[%cal Rb6a5]} 19. Qxg5+ {[%mdl 64] Double Attack} f6 20. Qb5 {[%cal Rb5b2]} (20. Qxg7 $2 {leads to mate.} Ba6+ 21. Kd4 Qf2#) 20... Ba6 $1 {[%cal Ra6b5]} 21. Qxa6 f5 22. Qxa7 Qxc3+ 23. Kb5 Qc6+ {[%mdl 64] Double Attack} 24. Ka6 Qa4+ 25. Kb7 {[#]} Qxe4+ $146 ({Predecessor:} 25... Qc6+) 26. Ka6 Qa4+ 27. Kb7 Qe4+ 28. Ka6 Qa4+ {A rather calm draw.  Weighted Error Value: White=0.04/Black=0.03} 1/2-1/2

[Event "ISR Youth-Ch Finals 2021 U16"]
[Site "Ramat Hasharon"]
[Date "2021.03.23"]
[Round "5.16"]
[White "Hoffmann, Yair"]
[Black "Gleizer, Adar"]
[Result "1-0"]
[WhiteElo "2352"]
[BlackElo "1833"]
[Annotator "ChessBase"]
[PlyCount "77"]
[EventDate "2021.03.19"]
[EventType "swiss"]
[EventCountry "ISR"]
[SourceTitle "playchess.com"]
[Source "ChessBase"]
[SourceQuality "1"]
[TimeControl "5400+30"]

1. c4 {[%emt 0:00:00]} Nf6 {[%emt 0:00:00]} 2. g3 {[%emt 0:00:00]} c6 {[%emt 0:01:00]} 3. d4 {[%emt 0:00:06]} g6 {[%emt 0:01:27]} 4. Bg2 {[%emt 0:00:08]} d5 {[%emt 0:00:08]} 5. Qa4 {[%emt 0:00:07]} Be6 {[%emt 0:04:07]} 6. cxd5 {[%emt 0:00:51]} Bxd5 {[%emt 0:00:24]} 7. Nf3 {[%emt 0:00:09]} Nbd7 {[%emt 0:01:33]} 8. O-O {[%emt 0:00:32]} Nb6 {[%emt 0:00:59]} 9. Qc2 {[%emt 0:01:05]} Be4 {[%emt 0:04:33]} 10. Qd1 {[%emt 0:00:07]} Bg7 {[%emt 0:00:37]} 11. Nc3 {[%emt 0:01:08]} O-O {[%emt 0:01:10]} 12. Nxe4 {[%emt 0:00:19]} Nxe4 {[%emt 0:00:12]} 13. Qc2 {[%emt 0:00:09]} Nd6 {[%emt 0:00:27]} 14. Rd1 {[%emt 0:00:38]} Qc8 {[%emt 0:03:03]} 15. e4 {[%emt 0:10:40]} Qe6 {[%emt 0:03:15]} 16. Re1 {[%emt 0:02:49]} h6 {[%emt 0:04:49]} 17. b3 {[%emt 0:02:28]} f5 {[%emt 0:14:24]} 18. exf5 {[%emt 0:09:37]} Qxf5 {[%emt 0:00:09]} 19. Qe2 {[%emt 0:00:26]} Nd5 {[%emt 0:01:52]} 20. Bb2 {[%emt 0:00:59]} Rae8 {[%emt 0:03:00]} 21. Ne5 {[%emt 0:00:52]} e6 {[%emt 0:09:08]} 22. Rf1 {[%emt 0:08:04]} Kh7 {[%emt 0:07:27]} 23. Rae1 {[%emt 0:00:26]} Bxe5 {[%emt 0:01:59]} 24. dxe5 {[%emt 0:00:19]} Nc8 {[%emt 0:00:52]} 25. Be4 {[%emt 0:01:32]} Qf7 {[%emt 0:00:38]} 26. Bc1 {[%emt 0:09:18]} Nce7 {[%emt 0:04:25]} 27. Qh5 {[%emt 0:00:40]} Qg7 {[%emt 0:00:22]} 28. Qh3 {[%emt 0:00:07]} Nf5 {[%emt 0:06:52]} 29. g4 {[%emt 0:00:22]} Nfe7 {[%emt 0:01:00]} 30. f4 {[%emt 0:00:16]} Rf7 {[%emt 0:03:09]} 31. Rf3 {[%emt 0:00:31]} Rg8 {[%emt 0:01:58]} 32. Kh1 {[%emt 0:01:08]} Qf8 {[%emt 0:02:02]} 33. Ref1 {[%emt 0:00:05]} Nc7 {[%emt 0:01:22]} 34. Ba3 {[%emt 0:01:11]} Ncd5 {[%emt 0:02:08]} 35. f5 {[%emt 0:01:49]} gxf5 {[%emt 0:00:38]} 36. gxf5 {[%emt 0:00:05]} exf5 {[%emt 0:00:40]} 37. Rxf5 {[%emt 0:00:09]} Rxf5 {[%emt 0:02:23]} 38. Rxf5 {[%emt 0:00:08]} Qg7 {[%emt 0:01:52]} 39. Rf7+ {[%emt 0:00:11]} 1-0

[Event "ISR Youth-Ch Finals 2021 U16"]
[Site "Ramat Hasharon"]
[Date "2021.03.24"]
[Round "6.12"]
[White "Levin, Guy"]
[Black "Sokolovsky, Yahli"]
[Result "1-0"]
[WhiteElo "2355"]
[BlackElo "2472"]
[Annotator "TA"]
[PlyCount "113"]
[EventDate "2021.03.19"]
[EventType "swiss"]
[EventCountry "ISR"]
[SourceTitle "playchess.com"]
[Source "ChessBase"]
[SourceQuality "1"]

{[%evp 16,113,-41,-33,10,-36,-24,-41,52,33,202,229,209,15,247,261,254,193,192,191,211,227,414,227,225,230,201,164,181,157,220,222,213,195,198,209,195,195,197,191,227,222,200,187,312,260,285,0,286,290,278,290,338,352,347,347,351,348,457,460,447,440,430,403,410,403,445,452,551,553,576,580,556,511,701,686,604,587,690,695,29968,29969,29971,29972,29971,29971,29973,29974,29975,29976,29976,29976,29976,29977,29977,29978,29977,29977,29978,29979]} 1. Nf3 d5 2. d4 Nf6 3. c4 c6 4. g3 dxc4 5. Bg2 g6 6. Ne5 Be6 7. e4 Bg7 8. Nc3 O-O 9. O-O Ne8 {D78: Fianchetto Grünfeld: 6 0-0 c6.} 10. f4 Nd6 {[#]} 11. Nf3 $146 ({Predecessor:} 11. Be3 Na6 12. h3 f5 13. d5 cxd5 14. exd5 Bd7 15. h4 Nc7 16. h5 g5 17. Nxd7 Qxd7 18. fxg5 Bxc3 19. bxc3 {0-1 (29) Mudrak,J (2363)-Navara,D (2466) Czechia 2001}) 11... h6 (11... Na6 $15) 12. Nh4 Qc8 $2 {[#]} (12... Bd7 $14) 13. f5 $1 $18 {[%cal Rf5e6]} gxf5 14. d5 $2 (14. e5 $18) 14... fxe4 $2 (14... cxd5 $11 {and Black stays safe.} 15. exd5 Bd7) 15. dxe6 Qxe6 16. Bf4 Nd7 17. Bxd6 exd6 {[#]} 18. Nf5 $1 {And now Qg4! would win.} (18. Nxe4 $6 d5 $16) 18... Nf6 (18... Kh8 19. Qxd6 (19. Nxg7 Kxg7 20. Ne2 Kh7 $18) 19... Qxd6 20. Nxd6 {[%mdl 64] Discovered Attack} Bd4+ 21. Kh1 e3 22. Nxf7+ (22. Nxb7 Rab8 $16) (22. Nxc4 Ne5 $18) 22... Kg7) 19. Qxd6 (19. Bh3 $142 {Strongly threatening Nxh6+!} Ne8 20. Nxg7 Qxh3 21. Nf5) 19... Qxd6 20. Nxd6 Rad8 21. Nf5 ({Don't do} 21. Ncxe4 $6 Nxe4 22. Nxe4 Bxb2 $14) 21... Rfe8 22. Rfd1 Nd5 (22... Bf8 $16 {was called for.} 23. Rxd8 Rxd8 24. Nxe4 Nxe4) 23. Nxg7 ({Stronger than} 23. Bxe4 Bxc3 24. Bxd5 Bxb2 $14) (23. Nxe4 $6 Bxb2 24. Nxh6+ Kg7 $16) 23... Kxg7 24. Nxe4 Ne3 25. Rxd8 Rxd8 26. Re1 Nxg2 27. Kxg2 {[%mdl 4096] Endgame KRN-KR} f5 28. Nc3 Kf6 29. Rd1 Re8 (29... Rxd1 $142 30. Nxd1 Ke5) 30. Rd6+ Ke5 31. Rd1 ({Much less strong is} 31. Rxh6 $6 Rd8 $18) (31. Rd7 $18) 31... Rh8 $2 {[%mdl 8192]} (31... Kf6 $1 $11 32. Kf3 a5) 32. Rd7 b5 33. Rxa7 Rd8 {If only Black now had time for ...Rd2+....} 34. Re7+ Kf6 35. Re2 b4 36. Na4 Ra8 37. Nb6 Rxa2 {intending ...c3.} 38. Nxc4 Ra1 39. b3 Rc1 40. Kf3 Rc3+ 41. Re3 Rc2 42. h4 c5 43. Rd3 Rc1 44. Rd5 Rc3+ 45. Kf4 Rxb3 46. Rxc5 Rb1 47. Rc6+ Kg7 48. Ne3 {White mates.} b3 49. Nxf5+ Kf8 50. Kg4 b2 51. Rb6 Ke8 52. Nxh6 Kd7 53. Nf5 Kc7 54. Rb3 Kc6 55. h5 Kd5 56. h6 Kc4 57. Rb8 {Weighted Error Value: White=0.28/Black=0.74} 1-0

[Event "ISR Youth-Ch Finals 2021 U16"]
[Site "Ramat Hasharon"]
[Date "2021.03.24"]
[Round "6.13"]
[White "Guz, Ari"]
[Black "Hoffmann, Yair"]
[Result "1/2-1/2"]
[WhiteElo "2302"]
[BlackElo "2352"]
[Annotator "TA"]
[PlyCount "65"]
[EventDate "2021.03.19"]
[EventType "swiss"]
[EventCountry "ISR"]
[SourceTitle "playchess.com"]
[Source "ChessBase"]
[SourceQuality "1"]

{[%evp 27,65,11,11,11,11,11,11,11,9,9,5,6,1,1,0,7,16,0,39,12,60,17,17,16,25,16,24,31,19,19,21,12,27,23,26,17,23,12,25,17]} 1. c4 c6 2. d4 d5 3. Nc3 Nf6 4. Nf3 e6 5. e3 Nbd7 6. Bd3 dxc4 7. Bxc4 b5 {[%cal Bb7b5,Bb5b4][%mdl 32]} 8. Bd3 Bb7 9. e4 b4 10. Na4 c5 11. e5 Nd5 12. O-O cxd4 13. Nxd4 Nxe5 14. Bb5+ Nd7 15. Re1 {Strongly threatening Bc6. D47: Semi-Slav: Meran System.} Rc8 {White should prevent ...a6.} 16. b3 Be7 {[#] And now ...0-0 would win.} 17. Rxe6 $1 {The position is equal.} O-O $1 {[#]} ({Don't blunder} 17... fxe6 $2 18. Nxe6 Qa5 19. Nxg7+ Kf8 20. Bxd7 $18 (20. Ne6+ Kf7 $16)) 18. Nc6 $1 Bxc6 19. Rxc6 N7f6 20. Bb2 Rxc6 21. Bxc6 Qd6 {[#]} 22. Bb5 $146 ({Predecessor:} 22. Rc1 Rd8 23. Bb5 h5 24. g3 Ng4 25. Bc4 Bg5 26. Ra1 Bf6 27. Qf3 Bxb2 {½-½ (27) Spasov,S (2172)-Kalchev,B (2286) ICCF email 2010}) 22... h5 23. Qd4 (23. Bc4 {keeps more tension.} Rd8 24. g3 Ng4 25. Qd4 Qf6 26. h3) 23... Qe6 (23... Qb8 {is more complex.} 24. Bf1 Bd6 25. g3 Re8 26. Qd3 Be5) 24. Qe5 Qxe5 25. Bxe5 Rc8 26. Bc4 Nb6 27. Nxb6 axb6 28. Re1 Bc5 29. h3 Ra8 30. Re2 Rd8 31. Kh2 h4 32. Bf4 Kf8 33. g3 {Weighted Error Value: White=0.08/Black=0.07} 1/2-1/2

[Event "ISR Youth-Ch Finals 2021 U16"]
[Site "Ramat Hasharon"]
[Date "2021.03.24"]
[Round "6.14"]
[White "Yaniv, Yuval"]
[Black "Aizenberg, Benny"]
[Result "1/2-1/2"]
[WhiteElo "2272"]
[BlackElo "2307"]
[Annotator "TA"]
[PlyCount "157"]
[EventDate "2021.03.19"]
[EventType "swiss"]
[EventCountry "ISR"]
[SourceTitle "playchess.com"]
[Source "ChessBase"]
[SourceQuality "1"]

{[%evp 10,157,32,28,33,33,50,38,51,38,53,46,56,56,64,38,38,36,33,33,40,0,0,10,60,54,60,58,64,62,92,87,137,134,139,126,170,170,182,171,220,200,191,195,274,232,236,198,240,257,267,226,223,188,257,210,209,204,207,198,199,199,198,190,205,202,202,204,197,0,190,177,209,207,194,181,184,155,190,189,189,191,220,200,222,189,242,217,198,197,197,193,188,163,176,185,196,181,193,180,172,175,179,145,147,138,182,112,117,109,126,117,117,117,117,116,138,113,108,89,105,96,108,11,103,45,50,50,113,56,57,54,105,114,136,73,91,19,159,58,82,35,4,0,0,0,32,0,0,0]} 1. e4 c5 2. Nf3 a6 3. c4 Nc6 4. d4 cxd4 5. Nxd4 e5 6. Nf5 d6 {B28: Sicilian: 2 Nf3 a6 (O'Kelly Variation).} 7. Ne3 g6 8. Nc3 Bh6 $1 {[%mdl 4] White is slightly better. is recently more successful than 8...Bg7.} 9. Bd3 Be6 10. O-O Nge7 {[#]} 11. Ned5 $146 {[#] Threatening mate with Nf6+.} ({Predecessor:} 11. b3 O-O 12. Bb2 Rb8 13. Qe1 Nd4 14. Ne2 Nec6 15. Nxd4 Nxd4 16. Rd1 b5 17. Bc3 {½-½ (43) Sanchez Enriquez,O (2374)-Bogner,S (2603) Barcelona 2014}) 11... Bxc1 12. Nf6+ (12. Rxc1 {is more complex.} O-O 13. Qd2 Rc8 14. f4 f5 15. Rce1) 12... Kf8 13. Rxc1 Kg7 14. Nfd5 Rc8 15. f4 exf4 16. Nxf4 Ne5 17. b3 $1 N7c6 18. Be2 Re8 19. Kh1 Qe7 20. Qd2 Rcd8 21. Ncd5 Bxd5 22. Nxd5 ({Much weaker is} 22. cxd5 $6 Nb8 $11) 22... Qd7 23. Nf6 Qe6 24. Nxe8+ Rxe8 25. Rcd1 Rd8 26. Qc3 b6 (26... Rc8 $142 27. Rf2 Rd8) 27. Rd2 f6 28. Rfd1 Ne7 29. Qd4 Nc8 30. Qd5 Qe7 31. h3 a5 (31... Na7 {was worth a try.} 32. Qd4 Qc7) 32. Rf1 h5 33. Bd1 Qd7 34. Rdf2 Rf8 35. Qd4 Qc6 36. Be2 Ne7 37. Rd1 Rd8 38. Qe3 Rf8 39. Qd4 Rd8 $1 40. a3 Rd7 41. Rdf1 Ng8 42. Qe3 Re7 43. Rf4 Nd7 44. Qg3 Re5 45. b4 Ne7 46. Qf3 {Strongly threatening b5.} Re6 47. Qc3 Re5 (47... Qc7 $142 48. Qg3 Re5) 48. Qd4 Qc7 49. Rd1 Re6 50. Rf2 Ne5 51. Bf1 N5c6 52. Qc3 Re5 53. Rd5 Re6 54. Rb5 Na7 55. Rg5 Nac6 56. Rg3 Ne5 57. Be2 Kh7 58. Rf4 (58. Qd4 $18) 58... g5 $16 59. Rf2 h4 60. Re3 N7g6 61. Qd4 Nf4 62. Bf1 Nc6 63. Qc3 Ne5 64. bxa5 bxa5 65. Rb2 Nh5 66. Qd4 (66. Rb5 $16) 66... Kh6 (66... Ng3+ $11 {remains equal.} 67. Kg1 Nxf1 68. Kxf1 Qxc4+ 69. Qxc4 Nxc4 70. Rb7+ Kg6) 67. Reb3 (67. Kg1 $16) 67... Ng3+ 68. Kg1 Nc6 (68... Nd7 $1 $14) 69. Qf2 ({White should play} 69. Qd5 $16 Qc8 70. Rb7) 69... Nxe4 $14 70. Qb6 Qxb6+ (70... Qd7 $14) 71. Rxb6 $16 Nd4 72. Rb8 (72. Bd3 $142) 72... Nc5 73. Rb1 ({White should try} 73. Rd8 $16) 73... Nc2 {[#]} (73... Re3 $11) 74. Rc1 (74. R8b6 $1 $16) 74... Nd4 75. Ra8 a4 $1 76. Kf2 Ne4+ 77. Kg1 $1 Nc5 78. Kf2 Ne4+ 79. Kg1 $1 {Black escapes into a draw.  Weighted Error Value: White=0.14/Black=0.13} 1/2-1/2